International enterprise in a developing economy ; a study of U. S. business in Brazil /

Bibliographic Details
Main Author: McMillan, Claude
Other Authors: Gonzalez, Richard F.
Format: Book
Language:English
Published: [East Lansing, Mich.] : Bureau of Business and Economic Research, Graduate School of Business Administration, Michigan State University, [1964]
Series:MSU business studies, 1964
Subjects:

MARC

Tag First Indicator Second Indicator Subfields
LEADER 00000cam a2200000 4500
001 in00000454449
005 20151012092627.0
008 730817s1964 miu b 00010 eng
010 |a  64063016  
035 |a (OCoLC)00679752 
035 |9 ABY7349AM 
040 |c CSU  |d TXA  |d UtOrBLW 
049 |a TXAM  |c [368235] 
050 0 0 |a HG4109  |b .M3 
100 1 |a McMillan, Claude. 
245 1 0 |a International enterprise in a developing economy ;  |b a study of U. S. business in Brazil /  |c [by] Claude McMillan, Jr. [and] Richard F. Gonzalez, with Leo G. Erickson. 
264 1 |a [East Lansing, Mich.] :  |b Bureau of Business and Economic Research, Graduate School of Business Administration, Michigan State University,  |c [1964] 
300 |a ix, 247 pages ;  |c 24 cm. 
336 |a text  |b txt  |2 rdacontent 
337 |a unmediated  |b n  |2 rdamedia 
338 |a volume  |b nc  |2 rdacarrier 
490 1 |a MSU business studies, 1964 
504 |a Bibliography: pages 239-241. 
650 0 |a Corporations, American  |z Brazil. 
700 1 |a Gonzalez, Richard F. 
810 1 |a Michigan State University.  |b Bureau of Business and Economic Research.  |t Business studies,  |v 1964. 
999 |a MARS 
999 f f |s df3a62e9-a48c-3b38-8f9a-39b7a1d86595  |i 82f8db96-e213-36da-b51a-3525c2642967  |t 0 
952 f f |p ric  |a Texas A&M University  |b Rellis Campus  |c Joint Library Facility  |d Remote Storage  |t 0  |e HG4109 .M3  |h Library of Congress classification  |i unmediated -- volume  |m A14802881603 
998 f f |a HG4109 .M3  |t 0  |l Remote Storage